Celebrity to US State - Statistics

General Stats
  • This quiz has been taken 29 times
  • The average score is 40 of 50
Answer Stats
Celebrity State % Correct
Ariana Grande Florida
96%
George Washington Virginia
93%
Steve Jobs California
89%
Stephen King Maine
89%
Miley Cyrus Tennessee
89%
Rosa Parks Alabama
85%
Curt Schilling Alaska
85%
Kanye West Georgia
85%
Barack Obama Hawaii
85%
Henry Ford Michigan
85%
Jeff Bezos New Mexico
85%
Ralph Lauren New York
85%
Wiz Khalifa North Dakota
85%
Kevin Hart Pennsylvania
85%
Brock Lesnar South Dakota
85%
Bill Gates Washington
85%
Hailey Rhode Bieber Arizona
81%
Tim Allen Colorado
81%
Aubrey Plaza Delaware
81%
Aaron Paul Idaho
81%
John Cena Massachusetts
81%
Nicolas Cage Nevada
81%
Joe Rogan New Jersey
81%
Thomas Edison Ohio
81%
Chris Rock South Carolina
81%
Bill Clinton Arkansas
78%
Harrison Ford Illinois
78%
Colton Haynes Kansas
78%
Odell Beckham Jr. Louisiana
78%
Evel Knievel Montana
78%
Caleb Bradham North Carolina
78%
Phil Knight Oregon
78%
Selena Gomez Texas
78%
Chrissy Teigen Utah
78%
Willem Dafoe Wisconsin
78%
George W. Bush Connecticut
74%
Michael Jackson Indiana
74%
Logic Maryland
74%
Eminem Missouri
74%
Warren Buffett Nebraska
74%
Steve Harvey West Virginia
74%
Ashton Kutcher Iowa
70%
Chris Pratt Minnesota
70%
Mandy Moore New Hampshire
70%
Viola Davis Rhode Island
70%
George Clooney Kentucky
67%
Elvis Presley Mississippi
67%
Phil McGraw Oklahoma
67%
JoJo Vermont
67%
Jeff Bezos Wyoming
63%
No matching quizzes found
Score Distribution
Percent of People with Each Score
Percentile by Number Answered
Your Score History
You have not taken this quiz